MDQL
is popping MORE tags! Check the
thread
!
Quizzes
Events
Quiz Creation
Community
Videos
Private Events
Remove Ads
Sign In
Join for FREE
Feedback
Dark Mode
Quiz Categories
Sports
Geography
Music
Movies
Television
Just For Fun
Miscellaneous
History
Literature
Language
Science
Gaming
Entertainment
Religion
Holiday
For Kids
Quiz Lab
Recent
Popular Today
Quiz Kudos Today
Editor Picks
Curator Picks
Quizzes by...
Day
Popularity
Type
Ratings
Length
Year
Community
Subscriptions
Recent Discussions
Orange Saloon
Badges
Playlists
Quests
Create
Leaderboards
Showdown
Live 5
Trivia Bingo
Activity
Puzzle Library
Sporcle Events
Private Events
Virtual Trivia
Globe League
Become a Host
Pub Owners
SporcleCon
Opinionation
Our Games
Videos
Blog
Mobile Apps
Partnerships
Remove Ads and Go Orange
Feedback
Literature
Harry Potter
A Song of Ice and Fire
The Hunger Games
Literary Character
Shakespeare
Book
Author
Novel
Poem
Young Adult
Children's Books
Play
Lord of the Rings
Literature
Harry Potter
A Song of Ice and Fire
The Hunger Games
Literary Character
Shakespeare
Book
Author
Novel
Poem
Young Adult
Children's Books
Play
Lord of the Rings
Random Quiz
Search Sporcle
×
Quiz Lab
Quiz Lab
Literature
Grab Bag
Type in answers that appear in a list
Type in answers that appear in a list
Classic
Best Score? Go Orange.
Dickens Grab Bag Stats
Can you name the Dickensian groups?
By
Imalawyer
8m
60 Questions
80 Plays
80 Plays
80 Plays
Comments
Comments
Give Quiz Kudos
Give Quiz Kudos
-
- Ratings
hide this ad
Replay
Link that replays current quiz
Next Quiz
Link to next quiz in quiz playlist
You Got
0%
They Got
Avg Score
31%
Avg Friend Score
Upgrade to see
Score Distribution
Jump to the score distribution portion of the page
Score
0/60
Timer
08:00
0
Plays Today
Hint
Answer
% Correct
Novel titles containing names
David Copperfield
93.8%
Novel titles containing names
The Adventures of Oliver Twist
87.5%
The 'Christmas Books'
A Christmas Carol
87.5%
The two cities
Paris
81.3%
The Crummles Troupe members (Nicholas Nickelby)
Nicholas and Smike
81.3%
Novel titles containing names
The Life and Adventures of Nicholas Nickelby
78.8%
The two cities
London
78.8%
Old Martin Chuzzlewit's extended family
Young Martin Chuzzlewit (grandson)
72.5%
Novel titles containing names
The Life and Adventures of Martin Chuzzlewit
67.5%
Ghosts that visited Ebeneezer Scrooge
Jacob Marley
67.5%
Ghosts that visited Ebeneezer Scrooge
Ghost of Christmas Past
63.8%
Novel titles containing names
Little Dorrit
62.5%
Ghosts that visited Ebeneezer Scrooge
Ghost of Christmas Present
62.5%
Ghosts that visited Ebeneezer Scrooge
Ghost of Christmas Yet to Come
62.5%
Novel titles containing names
Barnaby Rudge
57.5%
Novel titles containing names
The Mystery of Edwin Drood
55%
Names used by the convict in Great Expectations
Abel Magwitch
43.8%
Novel titles containing names
Dombey and Son
41.3%
The 'Christmas Books'
The Cricket on the Hearth
40%
Charles Dickens' Children
Dora Annie
40%
David Copperfield's wives
Dora Spenlow
40%
Charles Dickens' Children
Charles Culliford Boz
37.5%
David Copperfield's wives
Agnes Wickfield
35%
Wards in Jarndyce (Bleak House)
Richard Carstone
33.8%
School headmasters/
headmistresses of Dickens' novels
Wackford Squeers
32.5%
Wards in Jarndyce (Bleak House)
Ada Clare
32.5%
The 'Christmas Books'
The Chimes
31.3%
Charles Dickens' Children
Mary
28.8%
Bleak House lawyers
Mr Tulkinghorn
25%
What is Barkis?
Willing
23.8%
Hint
Answer
% Correct
The 'Christmas Books'
The Haunted Man and the Ghost's Bargain
15%
Charles Dickens' Children
Henry Fielding
15%
Old Martin Chuzzlewit's extended family
Jonas Chuzzlewit (son)
13.8%
The 'Christmas Books'
The Battle of Life
12.5%
Old Martin Chuzzlewit's extended family
Mercy Pecksniff (second cousin)
12.5%
Old Martin Chuzzlewit's extended family
Charity Pecksniff (second cousin)
12.5%
The Crummles Troupe members (Nicholas Nickelby)
Mrs Crummles
12.5%
Charles Dickens' Children
Kate Macready
11.3%
Charles Dickens' Children
Edward
11.3%
Bleak House lawyers
Mr Kenge
11.3%
Old Martin Chuzzlewit's extended family
George Chuzzlewit (cousin)
11.3%
The Crummles Troupe members (Nicholas Nickelby)
Ninetta Crummles
11.3%
School headmasters/
headmistresses of Dickens' novels
Thomas Gradgrind
10%
School headmasters/
headmistresses of Dickens' novels
Mr Creakle
8.8%
School headmasters/
headmistresses of Dickens' novels
Bradley Headstone
8.8%
Bleak House lawyers
Mr Vholes
8.8%
Old Martin Chuzzlewit's extended family
Seth Pecksniff
8.8%
The Crummles Troupe members (Nicholas Nickelby)
Vincent Crummles
7.5%
Charles Dickens' Children
Alfred D'Orsay Tennyson
6.3%
Names used by the convict in Great Expectations
Provis
6.3%
Old Martin Chuzzlewit's extended family
Anthony Chuzzlewit (brother)
5%
The Crummles Troupe members (Nicholas Nickelby)
Mr Folair
5%
The Crummles Troupe members (Nicholas Nickelby)
Mr Lenville
5%
Charles Dickens' Children
Sydney Smith Haldimand
3.8%
The Crummles Troupe members (Nicholas Nickelby)
Miss Snevellicci
3.8%
Charles Dickens' Children
Francis Jeffrey
2.5%
School headmasters/
headmistresses of Dickens' novels
Miss Twinkleton
2.5%
Charles Dickens' Children
Walter Landor
1.3%
Names used by the convict in Great Expectations
Mr Campbell
1.3%
Old Martin Chuzzlewit's extended family
Mr and Mrs Spottletoe (nephew and niece in law)
0%
Quiz Playlist
Details
Report
Send in Message
Add To Playlist
Classic:
Type in answers that appear in a list
Last Updated: Feb 15, 2018
Quiz Scoreboard
CHALLENGE
Sign Up to Join the Scoreboard
Show All
Scores
Hide
Comments
May contain spoilers
Recently Published
Image Sorting: Flags VI
by Barbecue
Geography
2m
Find the 'City' Movie
by crazypaving
Movies
60s
Colored Red Africa Blitz
by spor1
Geography
45s
More to Explore
Quiz From the Vault
Featured Blog Post
14 Easter Pick-up Lines to Find Eggs With
hide this ad
You Might Also Like...
Tags
Grab Bag Quiz
Charles Dickens
dickens
Today's Top Quizzes in Literature
Browse Literature
hide this ad
Today's Top Quizzes in Grab Bag
Browse Grab Bag
Top Contributed Quizzes in Literature
1
Sneaky Slytherin Logic Puzzle
2
Harry Potter logic puzzle: The Hogwarts Soap Opera
3
Get The Picture: Black or White Literature
4
Harry Potter Slytherin Logic Puzzle
5
'Middle' Earth
6
ASOIAF Siblings Logic Puzzle
7
Logic Puzzle: Avoid Dumbledore's Army
8
A Song of Ice and Fire Logic Puzzle
9
Harry Potter Logic Puzzle 1
10
Quick Pick: Easter in Book Titles
Explore More
Trending Topics
Harry Potter
Marvel
Disney
NBA
Anime
Kpop
Crossword
Pokémon
NFL
The Office
Song
Soccer
WWE
Country
Puzzle
hide this ad
More By:
Imalawyer
Quiz
Plays
Rating
Category
Featured
Created
Find the Big Bang Theory Food and Drink
3,779
4.59
Television
Feb 15, 2018
Bartender Test
1,981
4.50
Miscellaneous
Oct 9, 2013
Geography Grab Bag By Numbers
1,213
4.89
Geography
Aug 22, 2013
Find the Friends Food and Drink
722
5.00
Television
Feb 9, 2018
First Day of the Month Firsts in History
689
5.00
History
Aug 10, 2023
Go to Creator's Profile
Score Distribution
Quiz Creator Spotlight
Imalawyer
Follow
Send a Message
Quizzes Created
-
Created Quiz Play Count
-
More By This Creator
Popular Quizzes Today
1
Colored Red Africa Blitz
2
Find the US States - No Outlines Minefield
3
Find the 'City' Movie
4
5x2 Blitz: Bands
5
The Countries of the World
6
Find the US States
7
Find the Countries of Europe - No Outlines Minefield
8
US States
More Literature Quizzes
Umbrellas on Book Covers
Published
Trending Quizzes
Colored Red Europe Blitz I
Colored Red Europe Blitz II
Colored Red Africa Blitz II
Colored Red Europe Blitz III
Colored Red Africa Blitz III
Recently Updated
How Do You Spell That?
pecheneg
Godzilla Movies
pecheneg
Grab Bag: 4-10 Letters
pecheneg
2024 March Madness Bracket
pecheneg
Famous TV Couples
Peacemaker
Champions League XIs: Real Madrid
pecheneg
Largest US Cities 1790-2010
pecheneg
Rides in Walt Disney World
pecheneg
Most Oscar Losses (Acting)
pecheneg
Beyoncé Albums
pecheneg
Trending Topics
Disney
Kpop
Anime
Marvel
Harry Potter
Crossword
NBA
Pokémon
NFL
WWE
Soccer
Country
Puzzle
Song
The Office
Your Account Isn't Verified!
In order to create a playlist on Sporcle, you need to verify the email address you used during registration. Go to your
Sporcle Settings
to finish the process.
Report this User
Report this user for behavior that violates our
Community Guidelines
.
Details:
Send Report
Go to the Sporcle.com Mobile Site →
Comments